000 00752nam a2200265Ia 4500
003 OSt
005 20221007110803.0
006 a|||||r|||| 00| 0
007 ta
008 221006b |||||||| |||| 00| 0 eng d
024 _a21,892
037 _cTextual
040 _aLCO
_cLCO
_beng
041 _2eng
_aeng
082 _aX8(A)qN48, L5
100 _aSrivastava Kirpa Dayal
_9376422
245 0 _aCommentaries on the Factories Act, 1948
250 _a3rd
260 _aLucknow
_bEastern Book Company India
_c1975
300 _a720
500 _aAct No. LXIII of 1948 with the U.P. Factories Rules, 1950
650 _aFACTORY ACT
942 _hX8(A)qN48, L5
_cTEXL
999 _c1191455
_d1191455